| 000 | 00930cam a22002414a 4500 | ||
|---|---|---|---|
| 082 |
_a620.11 _bMOO _cL-21, P-62 |
||
| 100 | 1 |
_aMoore, Herbert F. _940748 |
|
| 245 | 1 | 0 |
_aTextbook of the materials of engineering / _c[by] Herbert F. Moore, Mark B. Moore ; with a chapter on cohesion, stress, and strain by Jasper O. Draffin, a chapter on concrete by Harrison F. Gonnerman, and a chapter on plastics by William N. Findley. |
| 250 | _a8th ed. | ||
| 260 |
_aNew York ; _aToronto : _bMcGraw-Hill ; _c1953. |
||
| 300 |
_a372 p. : _bill. ; _c24 cm. |
||
| 526 |
_a0 _b0 _c0 _d620_110000000000000_MOO |
||
| 650 | 0 | _aBuilding materials. | |
| 650 | 0 | _aConcrete. | |
| 650 | 0 |
_aCrystallography. _940749 |
|
| 650 | 0 |
_aMCE _9379 |
|
| 650 | 0 |
_aPlastics. _935927 |
|
| 700 | 1 |
_aDraffin, Jasper O. _940750 |
|
| 700 | 1 |
_aFindley, William N. _940751 |
|
| 700 | 1 |
_aGonnerman, Harrison F. _940752 |
|
| 700 | 1 |
_aMoore, Mark B. _940753 |
|
| 942 |
_2ddc _cBK |
||
| 999 |
_c544998 _d544998 |
||